[Event "ITA corr"]
[Site "Italy"]
[Date "1996.??.??"]
[Round "?"]
[White "Costantini, Massimo"]
[Black "Mauro, Lucio"]
[Result "0-1"]
[WhiteElo "1816"]
[BlackElo "2090"]
[PlyCount "62"]
[EventDate "1996.??.??"]
[EventType "tourn (corr)"]
[EventRounds "10"]
[EventCountry "ITA"]
[SourceTitle "Corr 2002"]
[Source "ChessBase"]
[SourceDate "2002.05.23"]
[SourceVersion "1"]
[SourceVersionDate "2002.05.23"]
[SourceQuality "1"]

1. e4 e5 2. Nf3 Nc6 3. Bb5 a6 4. Ba4 Nf6 5. 0-0 Be7 6. Re1 b5 7. Bb3 d6 8. c3 0-0 9. h3 Nb8 10. d4 Nbd7 11. Nbd2 Bb7 12. Bc2 Re8 13. Nf1 Bf8 14. Ng3 g6 15. a4 c5 16. d5 c4 17. Bg5 h6 18. Be3 Nc5 19. Qd2 h5 20. Ng5 Bh6 21. Kh1 Qe7 22. Red1 h4 23. Ne2 Bxg5 24. Bxg5 Ncxe4 25. Bxe4 Nxe4 26. Bxe7 Nxd2 27. Bxh4 Nb3 28. Ra3 Nc5 29. axb5 axb5 30. Rxa8 Rxa8 31. Be7 Nd3 0-1